Παραλληλίες και παραδοξότητες : συνομιλίες για τη μουσική, τη λογοτεχνία και την πολιτική

Αποθηκεύτηκε σε:
Λεπτομέρειες βιβλιογραφικής εγγραφής
Κύριος συγγραφέας: Barenboim, Daniel, 1942-
Άλλοι συγγραφείς: Said, Edward W., Guzelimian, Ara (Συγγραφέας εισαγωγής κ.λπ., Επιμελητής έκδοσης)
Μορφή: Βιβλίο
Γλώσσα:Greek
English
Δημοσίευση: Αθήνα : Νεφέλη, 2004.
Σειρά:Θεωρία - Κριτική
Θέματα:
Ετικέτες: Προσθήκη ετικέτας
Δεν υπάρχουν, Καταχωρήστε ετικέτα πρώτοι!

MARC

LEADER 00000cam a2200000 i 4500
001 1/24538
008 060217s2004 gr | ||| |||| ||gre||
020 |a 9602117362 
035 |l 10082692 
040 |a GR-MyUa  |b gre  |e AACR2 
041 1 |a gre  |h eng 
082 7 |a 780   |2 (22) 
100 1 |a Barenboim, Daniel,   |d 1942- 
245 1 0 |a Παραλληλίες και παραδοξότητες :   |b συνομιλίες για τη μουσική, τη λογοτεχνία και την πολιτική /   |c Daniel Barenboim, Edward W. Said ; πρόλογος-επιμέλεια Ara Guzelimian ; μετάφραση Κατερίνα Σχινά.  
260 |a Αθήνα :   |b Νεφέλη,   |c 2004.  
300 |a 227 σ. ;   |c 21 εκ. 
490 1 |a (Θεωρία - Κριτική) 
500 |a Τίτλος πρωτοτύπου: Parallels and paradoxes.  
600 1 0 |a Wagner, Richard,   |d 1813-1883  |x Criticism and interpretation. 
600 1 0 |a Beethoven, Ludwig van,   |d 1770-1827  |x Criticism and interpretation. 
650 0 |a Music  |x Philosophy and aesthetics. 
650 0 |a Music  |x Interpretation (Phrasing, dynamics, etc.) 
650 0 |a Music  |x Social aspects. 
700 1 |a Said, Edward W. 
700 1 |a Guzelimian, Ara,  |e aui  |e edt 
830 0 |a Θεωρία - Κριτική 
852 |a INST  |b LESVOS  |e 20060217  |h 780 BAR  |p 005100034543  |q 005100034543  |t BK  |y 0 
852 |a INST  |b SYROS  |e 20080908  |h 780 BAR  |p 005500005544  |q 005500005544  |t BK  |y 0 
901 |a BIBL5-2008-2 
901 |a BIBL1-2006-1 
920 |a ΕΠΕΑΕΚ ΠΜΣ Γυναίκες και Φύλα  |y Λέσβος  |z 2006-01 
922 |a 5ΕΛΗ  |b 200711  |c ΕΠΕΑΕΚ2/ΤΜΣΠΣ  |d Σ. Πατάκης 
970 |a Καρά  |b Γιασεμή  |z 17/02/2006